Joseph and the amazing Technicolor dreamcoat /
"A lively and colorful journey through ancient Egypt, Joseph and the amazing Technicolor dreamcoat follows the rags-to-riches story of Joseph, his eleven brothers and the coat of many colors"--Container.
| Corporate Authors: | , |
|---|---|
| Other Authors: | , , , , , , , |
| Format: | Video DVD |
| Language: | English |
| Language Notes: | Soundtracks: English and French. Closed-captioned. |
| Published: |
Universal City, CA :
Universal Studios,
2000.
|
| Edition: | Widescreen. |
| Subjects: |
MARC
| Tag | First Indicator | Second Indicator | Subfields |
|---|---|---|---|
| LEADER | 00000cgm a2200000Ia 4500 | ||
| 001 | in00001828521 | ||
| 005 | 20151026065247.0 | ||
| 007 | vd cvaizq | ||
| 008 | 040617s2000 xxu078 e vleng d | ||
| 020 | |a 0783240287 | ||
| 024 | 1 | |a 025192071423 | |
| 028 | 4 | 2 | |a 20714 |b Universal Studios |
| 035 | |a (OCoLC)ocm43800750 | ||
| 037 | |b Midwest Tape |n http://www.midwesttapes.com | ||
| 040 | |a OMI |c OMI |d UV$ |d OCLCQ |d DIV |d TEF |d OCLCQ |d TXA |d UtOrBLW | ||
| 049 | |a TXAM | ||
| 050 | 1 | 4 | |a PN1995.9.M86 |b J68 2000 |
| 082 | 0 | 4 | |a 782.14 |2 21 |
| 090 | |a M1500.L78 |b J67 2000 | ||
| 245 | 0 | 0 | |a Joseph and the amazing Technicolor dreamcoat / |c Jacob & Sons Ltd. |
| 250 | |a Widescreen. | ||
| 264 | 1 | |a Universal City, CA : |b Universal Studios, |c 2000. | |
| 300 | |a 1 videodisc (78 min.) : |b sound, color ; |c 4 3/4 in. + |e 1 chapter index card. | ||
| 336 | |a two-dimensional moving image |b tdi |2 rdacontent | ||
| 337 | |a video |b v |2 rdamedia | ||
| 338 | |a videodisc |b vd |2 rdacarrier | ||
| 538 | |a DVD; Dolby digital, DTS, 5.1 surround. | ||
| 546 | |a Soundtracks: English and French. | ||
| 546 | |a Closed-captioned. | ||
| 511 | 1 | |a Donny Osmond, Maria Friedman, Richard Attenborough, Joan Collins. | |
| 508 | |a Directors, David Mallet & Steven Pimlott ; producer, Andrew Lloyd Webber ; libretto, Tim Rice ; music, Andrew Lloyd Webber. | ||
| 500 | |a Dual layer; aspect ratio 1.55:1. | ||
| 521 | 8 | |a Not rated. | |
| 520 | |a "A lively and colorful journey through ancient Egypt, Joseph and the amazing Technicolor dreamcoat follows the rags-to-riches story of Joseph, his eleven brothers and the coat of many colors"--Container. | ||
| 500 | |a Special features: "Go, go, go Joseph": the making of Joseph and the amazing Technicolor dreamcoat -- Production notes -- Cast and filmmakers. | ||
| 500 | |a Videorecording. | ||
| 600 | 0 | 0 | |a Joseph |c (Son of Jacob) |v Drama. |
| 655 | 7 | |a Musical |v Performance |v Videodisc. |2 migfg | |
| 655 | 7 | |a Video recordings for the hearing impaired. |2 lcgft | |
| 700 | 1 | |a Mallet, David |c (Director) | |
| 700 | 1 | |a Pimlott, Steven. | |
| 700 | 1 | |a Osmond, Donny. | |
| 700 | 1 | |a Friedman, Maria. | |
| 700 | 1 | |a Attenborough, Richard. | |
| 700 | 1 | |a Collins, Joan, |d 1933- | |
| 700 | 1 | 2 | |a Lloyd Webber, Andrew, |d 1948- |t Joseph and the amazing Technicolor dreamcoat (Opera) |
| 700 | 1 | |a Rice, Tim, |d 1944- | |
| 710 | 2 | |a Jacob & Sons Ltd. | |
| 710 | 2 | |a Universal City Studios. | |
| 948 | |a cataloged |b h |c 2004/7/6 |d c |e mphillip |f 1:17:19 pm | ||
| 994 | |a E0 |b TXA | ||
| 999 | |a MARS | ||
| 999 | f | f | |s 06152d05-97f3-3b05-ac65-e8a185933d99 |i 9124d15a-2b3c-36a6-93fd-92224f2fa2df |t 0 |
| 952 | f | f | |p dvd |a Texas A&M University |b College Station |c Sterling C. Evans Library |s Evans Media and Reserves |d Evans: Media and Reserves (Annex 1st floor) |t 0 |e M1500.L78 J67 2000 |h Library of Congress classification |i video -- videodisc |m A14832511822 |
| 998 | f | f | |a M1500.L78 J67 2000 |t 0 |l Evans: Media and Reserves (Annex 1st floor) |